| 000 | 01763cam a22004577a 4500 | ||
|---|---|---|---|
| 001 | 000093455 | ||
| 003 | CHAP | ||
| 005 | 20220329142936.0 | ||
| 008 | 050330d2005 mx abd r 00110 spa d | ||
| 010 | _a89921 | ||
| 011 | _a90893 | ||
| 035 | _a101450 | ||
| 040 | _cCHAP | ||
| 090 | _aTesis | ||
| 100 | 0 | 0 |
_aVelázquez Trejo, Dalia. _9118628 |
| 245 | 1 | 0 |
_aUnidades domésticas y empoderamiento de las mujeres en La Candelaria, Catemaco, Veracruz : _bestudio de caso con enfoque de genero / _c/por Dalia Velázquez Trejo. |
| 260 |
_aChapingo, Méx. : _bEl autor, _c2005. |
||
| 300 |
_a132 h. : _bilus. ; gráf. ; mapas ; cuadros. |
||
| 502 | _aTesis (Ing. Agr. Esp. en Zonas Tropicales) -- UACH. Dirección de Centros Regionales Universitarios | ||
| 590 |
_aALEPH _b10 _c20130110 _lUCH01 _h1505 |
||
| 590 |
_aBATCH-UPD _b10 _c20130110 _lUCH01 _h0714 |
||
| 590 |
_aBATCH-UPD _b10 _c20130410 _lUCH01 _h0359 |
||
| 590 |
_aBATCH-UPD _b10 _c20130914 _lUCH01 _h1308 |
||
| 590 |
_aBATCH-UPD _b10 _c20140324 _lUCH01 _h1450 |
||
| 590 |
_aBATCH-UPD _b10 _c20141002 _lUCH01 _h0825 |
||
| 590 |
_aCONVERSION _b10 _c20130109 _lUCH01 _h1350 |
||
| 590 |
_aE5765TAJ _b10 _c20130613 _lUCH01 _h1335 |
||
| 650 | 1 | 4 |
_aEnfoque de género. _936945 |
| 650 | 1 | 4 |
_aFamilia. _939405 |
| 650 | 1 | 4 |
_aMujer en agricultura. _979359 |
| 650 | 1 | 4 |
_aMujer en comunidades rurales _xVeracruz. _979384 |
| 650 | 1 | 4 |
_aMujer _xSituación social _zVeracruz. _979347 |
| 650 | 1 | 4 |
_aPoder. _989471 |
| 856 |
_3Finding aid _uhttp://10.13.5.2/tesis/101450.pdf _zTeclea aquí |
||
| 901 | _aBK | ||
| 905 | _aMarco A. Mendoza T. | ||
| 942 | _cCD | ||
| 942 | _n0 | ||
| 949 |
_aTesis _bBC _cTES _d1014501 _eTS1 _gDonaciØn _h43605 _i101450 _sb |
||
| 949 |
_aTesis _bBC _cTES _d33724000954319 _eTS2 _fc.2 _gDonaciØn _h43606 _i101450 _sb |
||
| 999 |
_c89921 _d89921 |
||